Survival of the fittest (Record no. 83595)

MARC details
000 -LEADER
fixed length control field 00536cab a22001815 4500
001 - CONTROL NUMBER
control field L154364
008 - FIXED-LENGTH DATA ELEMENTS--GENERAL INFORMATION
fixed length control field 111118e20111118xxkad f s 000 0 eng u
035 ## - SYSTEM CONTROL NUMBER
System control number (Sirsi) u154364
041 0# - LANGUAGE CODE
Language code of text/sound track or separate title eng
100 1# - MAIN ENTRY--PERSONAL NAME
Personal name Edwards, Emma Jane
245 00 - TITLE STATEMENT
Title Survival of the fittest
260 ## - PUBLICATION, DISTRIBUTION, ETC.
Date of publication, distribution, etc. 2011
490 #0 - SERIES STATEMENT
Series statement Building
Volume/sequential designation 276 (8704) 18 November 2011, 57-61(3)
520 ## - SUMMARY, ETC.
Summary, etc. Looks at 3 courses for upskilling and improving your CV.
651 #4 - SUBJECT ADDED ENTRY--GEOGRAPHIC NAME
Geographic name United Kingdom
Chronological subdivision
690 ## - LOCAL SUBJECT ADDED ENTRY--TOPICAL TERM (OCLC, RLIN)
Topical term or geographic name as entry element CAREERS, EDUCATION AND TRAINING-SURVEYING APPOINTMENTS
942 ## - ADDED ENTRY ELEMENTS (KOHA)
Suppress in OPAC 0
Holdings
Withdrawn status Lost status Source of classification or shelving scheme Damaged status Not for loan Home library Current library Shelving location Date acquired Total Checkouts Full call number Barcode Date last seen Copy number Price effective from Koha item type
    Dewey Decimal Classification     London London Journal article 18/11/2011   L154364 154364-1001 06/08/2019 1 06/08/2019 Journal article